| 000 | 00756nam a2200181 a 4500 | ||
|---|---|---|---|
| 001 | 000042202 | ||
| 005 | 20201002040013.0 | ||
| 008 | 131119s1960 sp g 000 0 spa d | ||
| 040 |
_aDO-SdBNP _bspa _cBNPHU |
||
| 100 | 1 |
_aManalt, Francisco _d1720-1759 _969220 |
|
| 245 | 1 | 0 |
_aSonatas III-IV para violín y piano [Música impresa] / _cFrancisco Manalt ; transcripción por el P. José A. de Donostia. |
| 260 |
_aBarcelona : _bInstituto Español de Musicología, _c1960. |
||
| 300 |
_a32 p. : _bil., partituras ; _c32 cm. |
||
| 490 | 1 |
_aMúsica hispana 9 _aSerie C, Música de cámara _v9 |
|
| 700 | 1 |
_aDonostia , P. José A. de _969221 |
|
| 710 | 2 |
_aInstituto Español de Musicología _969215 |
|
| 830 | 0 |
_aMúsica hispana 9 _pSerie C, Música de cámara _c9 _969222 |
|
| 999 |
_c41691 _d41691 |
||